000 00965nam a2200265Ia 4500
003 OSt
005 20220923215018.0
006 a|||||r|||| 00| 0
007 ta
008 220922b |||||||| |||| 00| 0 hin d
024 _a174,860
037 _cTextual
040 _aARTS
_cARTS
_bhin
041 _2hin
_ahin
082 _aO152,1:g, K4;L7
100 _aमुक्तिबोध, गजानन माधव
245 0 _aनयी कविता का आत्मसंघर्ष तथा अन्य निबन्ध
246 _aNayī kavitā kā ātmasangharṣha tathā anya nibandha
250 _aसंस्क0 2
260 _aनागपुर
_b विश्व भारती
_c1977
300 _a186 पृ.
_ccm.
650 _aहिन्दी साहित्य
_9156264
942 _hO152,1:g, K4;L7
_cTEXL
_2CC
999 _c328564
_d328564